El Renacimiento Italiano
I tiakina i:
| Hōputu: | Pukapuka |
|---|---|
| Reo: | Pāniora Itāriana Pōtukīhi Ingarihi |
| I whakaputaina: |
Roma
Scala
2009
Florencia Logos 2009 |
| Putanga: | 1a. ed |
| Ngā marau: | |
| Ngā Tūtohu: |
Tāpirihia he Tūtohu
Kāore He Tūtohu, Me noho koe te mea tuatahi ki te tūtohu i tēnei pūkete!
|
MARC
| LEADER | 00000cam a2200000 a 4500 | ||
|---|---|---|---|
| 001 | UCE5218 | ||
| 003 | CL-VaPUC | ||
| 008 | 141211e20090000it |||||||||||||||||spa|d | ||
| 020 | |a 9788879409995 italian | ||
| 020 | |a 9788881178919 Spanish | ||
| 020 | |a 9788881177851 Portuguese | ||
| 041 | 0 | 7 | |a spa |2 CL-VaPUC |
| 041 | 0 | 7 | |a ita |2 CL-VaPUC |
| 041 | 0 | 7 | |a por |2 CL-VaPUC |
| 041 | 0 | 7 | |a eng |2 CL-VaPUC |
| 082 | 0 | 4 | |a 709.024 |b REN |2 21 |
| 245 | 1 | 3 | |a El Renacimiento Italiano |
| 246 | 1 | 3 | |a Il Rinascimento italiano |
| 246 | 1 | 0 | |a Renascimento Italiano |
| 246 | 1 | 0 | |a Italian renaissance |
| 250 | |a 1a. ed | ||
| 300 | |a 596 p | ||
| 942 | |c BK | ||
| 945 | |d 20141211 14:14:00 |a arojas | ||
| 260 | |a Roma |b Scala |c 2009 | ||
| 260 | |a Florencia |b Logos |c 2009 | ||
| 650 | 0 | |a Renacimiento italiano |9 268631 | |
| 650 | 7 | |a ESCULTORES RENACENTISTAS |2 CL-VaPUC |9 268617 | |
| 650 | 7 | |a ESCULTORES ITALIANOS |2 CL-VaPUC |9 268616 | |
| 650 | 0 | |a Arquitectura italiana |9 345013 | |
| 650 | 0 | |a Arte renacentista |9 264949 | |
| 651 | 0 | |a Italia |9 254949 | |
| 583 | |a last modification |c 20141212 02:17:18 |k Rodrigo Vera | ||
| 999 | |c 357980 |d 357978 | ||
| 952 | |0 0 |1 0 |3 erd |4 0 |6 709_024000000000000_REN_2009_2009 |7 0 |8 A |9 466182 |a BIBHIS |b BIBHIS |i 5129478 |o 709.024 REN 2009 2009 |p 5129478 |r 2025-01-20 |w 2019-11-23 |y BK |z Catalogado en:20141211 |k HIS | ||